Kam smeruje naše zdravotníctvo. 2

Dokončenie rozhovoru s ministrom zdravotníctva SR Ľ.Javorským o smerovaní zdravotníctva na Slovensku. Postup pri privatizácii kúpeľov podľa zákona č. 92/1991 Zb. Hodnotenie systému distribúcie domácej a zahraničnej produkcie liekov SR. Príprava návrhov zákonov o liečivách. Možnosti finančných prostr...

Descripción completa

Guardado en:
Detalles Bibliográficos
Autor principal: Javorský, Ľ.
Otros Autores: Simonidesová, V.
Formato: Capítulo de libro
Lenguaje:eslovaco
Materias:
Etiquetas: Agregar Etiqueta
Sin Etiquetas, Sea el primero en etiquetar este registro!

MARC

LEADER 00000naa a2200000 4500
001 r018407
005 20221205103259.2
041 0 |a slo 
044 |a SK 
245 1 0 |a Kam smeruje naše zdravotníctvo. 2  |c Ľ. Javorský, V. Simonidesová 
520 |a Dokončenie rozhovoru s ministrom zdravotníctva SR Ľ.Javorským o smerovaní zdravotníctva na Slovensku. Postup pri privatizácii kúpeľov podľa zákona č. 92/1991 Zb. Hodnotenie systému distribúcie domácej a zahraničnej produkcie liekov SR. Príprava návrhov zákonov o liečivách. Možnosti finančných prostriedkov rezortu zdravotníctva. Problematika odmeňovania lekárov. 
610 2 0 |a zdravotníctvo 
610 2 0 |a Slovensko 
610 2 0 |a financovanie 
610 2 0 |a privatizácia 
610 2 0 |a kúpele 
610 2 0 |a odmeňovanie 
610 2 0 |a lekári 
610 2 0 |a liečivá 
610 2 0 |a distribúcia 
610 2 0 |a zákony 
610 2 0 |a 1991-1994 
100 1 |a Javorský, Ľ. 
700 1 |a Simonidesová, V.